Suomen kunnat, jotka päättyvät kirjaimeen S - Statistics

Yleistilastot
  • Tätä visaa on pelattu 133 kertaa
  • Keskiarvotulos 6 / 7
Vastaustilastot
Maakunta Kunta % Oikein
Etelä-Pohjanmaa Alavus
90%
Keski-Pohjanmaa Kannus
90%
Pohjois-Karjala Nurmes
90%
Keski-Suomi Pihtipudas
83%
Pohjois-Savo Varkaus
81%
Pohjanmaa Korsnäs
77%
Pohjois-Pohjanmaa Muhos
77%
Ehtoja vastaavia visoja ei löytynyt
Tulosjakauma
Jokaisen tuloksen saaneiden osuus
Persentiili vastausten määrän mukaan
Tuloshistoriasi
Et ole pelannut tätä visaa